[Event "EIWCC 2018"]
[Site "Vysoke Tatry"]
[Date "2018.04.08"]
[Round "1"]
[White "Yildiz Kadioglu, Betul Cemre"]
[Black "Khotenashvili, Bela"]
[Result "1/2-1/2"]
[WhiteElo "2286"]
[BlackElo "2484"]
[Annotator "TA"]
[PlyCount "151"]
[EventDate "2018.??.??"]
[EventType "swiss"]
[EventCountry "SVK"]
[SourceTitle "playchess.com"]
[Source "ChessBase"]
[SourceQuality "1"]

{[%evp 21,151,9,5,16,35,35,43,30,46,29,18,-7,-4,-2,-8,-12,-14,-36,-32,-28,118,-57,0,-62,-29,-34,-36,-80,-26,-54,-43,-93,-56,-57,0,-85,0,-66,-54,-56,-54,-52,-54,-78,-72,-135,-65,-70,-27,-39,0,-200,-183,-141,-205,-210,-193,-195,-202,-255,-238,-255,-235,-242,-178,-163,-170,-170,-170,-183,-112,-112,-51,-384,-360,-361,-207,-218,-223,-218,-210,-346,0,0,0,0,0,0,816,816,816,816,816,816,816,186,640,639,626,451,451,451,451,451,802,641,619,597,590,542,1125,1133,1123,1106,1099,1070,1026,965,812,764,935,692,625,0,756,699,692,684,680,0,550,0]} 1. Nf3 Nf6 2. d4 g6 3. c4 Bg7 4. g3 c5 5. Bg2 Qa5+ 6. Nc3 Ne4 7. Qd3 cxd4 {E60: King's Indian: Unusual lines and Fianchetto Variation without Nc3} 8. Nxd4 Nc5 9. Qd1 Nc6 10. e3 Ne6 11. O-O O-O {LiveBook: 12 Games} 12. Nxe6 dxe6 13. Bd2 {[#]} e5 $146 ({Predecessor:} 13... Rd8 14. Qe2 Qb6 15. Rab1 {0-1 (49) Gelfand,B (2753)-Svidler,P (2751) Jerusalem 2014}) 14. Qe2 h5 15. Rfd1 Bg4 16. Bf3 Bxf3 17. Qxf3 Qa6 18. Qe2 Rac8 19. Ne4 Nd8 20. Bb4 f5 (20... Re8 $11 {remains equal.}) 21. Nc3 $2 ({Only move:} 21. Bxe7 $16 fxe4 22. Rd6) 21... Re8 (21... Nc6 $15 22. a3 e4) 22. c5 (22. Rd7 $11) 22... Qxe2 23. Nxe2 e4 24. Ba3 Rc7 (24... Kf7 $17) 25. Nf4 Kf7 $1 26. Nd5 Rd7 27. Nf4 Rc7 28. Nd5 Rd7 (28... Rc8 {is more complex.} 29. Nf4 Nc6 30. Rd7 Rb8 31. Kg2 Ne5) 29. Nf4 Rxd1+ 30. Rxd1 Nc6 31. Rd7 Rb8 32. b3 Be5 33. Kf1 ({White should try} 33. Kg2) 33... Bxf4 (33... g5 $1 $17 {[%cal Rg5f4]} 34. Ne2 Ke6) 34. gxf4 $17 {[%mdl 4096] Endgame KRB-KRN} Ke6 35. Rc7 Kf7 {Strongly threatening ...Ke8.} 36. b4 $2 (36. Rd7 $1 $11) 36... a6 $19 37. Rd7 Ke6 38. Rd1 Rd8 $1 {[%cal Rd8d1]} 39. Rb1 {[#]} Rd3 $1 {[%cal Rd3a3]} 40. Bc1 Rd1+ 41. Ke2 Rh1 42. a4 Kd5 ({Not} 42... Rxh2 43. b5 $11) 43. b5 axb5 44. axb5 Na5 45. h4 Nc4 ({Inferior is} 45... Rxh4 46. Bd2 $11) (45... Rg1 $19 46. c6 bxc6 47. bxc6 Nxc6 48. Rb5+ Kc4) 46. Ra1 $17 Rxh4 (46... e6 $17 47. c6 bxc6 48. bxc6 Kxc6) 47. Ra7 $2 {[%mdl 8192]} (47. Ba3 $1 $15 Nxa3 48. c6) 47... Rh1 48. Bd2 Rb1 (48... Kxc5 $142 49. Rxb7 e5) 49. Rxb7 Rb2 (49... Kxc5 50. Bc3 $17) 50. c6 Rxd2+ $19 {KRN-KR} 51. Ke1 {[#]} (51. Kf1 $142 Nd6 52. c7) 51... Rb2 $2 (51... Rc2 $1 $19 52. Rxe7 Rc1+ 53. Ke2 h4) 52. c7 $1 $11 {[%cal Rc7c8]} Rb1+ 53. Ke2 Nd6 ({Resist} 53... Rb2+ 54. Kd1 $17) 54. Rb8 {aiming for Rd8.} h4 $2 {[%mdl 8192]} (54... Kc5 $11) 55. Rd8 $18 h3 56. c8=Q {Hoping for Qa8+.} Rb2+ 57. Ke1 h2 58. Qc6+ Ke6 {[%cal Rh2h1]} 59. Rh8 Rb1+ 60. Kd2 h1=Q 61. Rxh1 Rxh1 {KQ-KRN} 62. b6 Kf7 (62... Rh8 $142 63. Qc7 Kf7) 63. Qd5+ Kf6 64. Kc2 Rh2 65. b7 Rxf2+ 66. Kc3 Nxb7 67. Qxb7 {KQ-KR} Rg2 68. Qb6+ Kf7 69. Qb4 Rg1 70. Qb3+ Kf6 71. Qb6+ Kf7 72. Qb3+ Kf6 73. Qb2 Kf7 74. Qa2+ Kf6 75. Qb2 Kf7 $1 76. Qb3+ $2 {Precision: White = 51%, Black = 56%.} (76. Kb4 $18) 1/2-1/2

[Event "EIWCC 2018"]
[Site "Vysoke Tatry"]
[Date "2018.04.08"]
[Round "1"]
[White "Martynkova, Olena"]
[Black "Pogonina, Natalija"]
[Result "1/2-1/2"]
[WhiteElo "2280"]
[BlackElo "2474"]
[Annotator "TA"]
[PlyCount "81"]
[EventDate "2018.??.??"]
[EventType "swiss"]
[EventCountry "SVK"]
[SourceTitle "playchess.com"]
[Source "ChessBase"]
[SourceQuality "1"]

{[%evp 27,81,24,22,0,0,0,0,-10,-4,-10,0,-14,-3,-10,-10,-10,0,-18,29,-9,6,0,43,16,36,0,3,0,0,-15,-15,-15,-15,-15,-15,-15,-8,-9,-9,-9,-10,-7,-3,-3,0,0,0,0,0,0,0,0,0,0,0,0]} 1. d4 d5 2. c4 e6 3. Nf3 Nf6 4. g3 Bb4+ 5. Bd2 Bd6 6. Bg2 c6 7. Qc2 Nbd7 8. O-O O-O 9. Bg5 h6 10. Bxf6 Nxf6 11. Nbd2 {[%cal Bb1d2,Bd2f1,Bf1e3,Be3d1,Bd1c3][%mdl 32]} b6 {E01: Catalan: Early deviations} 12. e4 Be7 13. cxd5 (13. Rfd1 Bb7 14. Rac1 Rc8 15. Ne5 dxc4 16. Ndxc4 b5 17. Qb3 a6 18. Ne3 Nd7 19. N3g4 Nxe5 20. Nxe5 {0-1 (59) Moroni,L (2559)-Wojtaszek,R (2738) Batumi 2018}) 13... cxd5 14. e5 Ne8 {[#] LiveBook: 4 Games} 15. Rfe1 $146 ({Predecessor:} 15. Rac1 Bb7 16. Rfe1 Rc8 17. Qa4 a6 18. Qb3 b5 19. Qe3 {1-0 (59) Ringoir,T (2518)-Gauri,S (2320) Charlotte 2017}) 15... Bd7 16. Nf1 a5 17. a3 b5 18. Ne3 Qb6 19. Bf1 a4 20. Bd3 b4 21. axb4 Qxb4 22. Rec1 Rb8 {[%cal Ba8b8,Bb8b7,Bb7c7][%mdl 32]} 23. Nd1 Rb7 24. Nc3 {[%cal Rc3a4]} Rc7 25. Qe2 g6 26. Ra2 Ng7 {The position is equal.} 27. Rca1 {[%cal Rc3a4]} Ra8 28. Bb5 (28. Qd2 {seems wilder.} h5 29. h4 Rca7 30. Kg2 Ra5 31. Rc1) 28... Bxb5 29. Qxb5 Qxb5 30. Nxb5 Rb7 31. Nc3 a3 32. Ne2 Ra4 33. bxa3 Rb3 34. Kg2 Raxa3 (34... Nf5 {keeps more tension.} 35. Rc1 Rbxa3 36. Rc8+ Kg7 37. Rb2 Ra8) 35. Rxa3 Bxa3 36. g4 Ne8 37. Nc1 Rc3 38. Ne2 Rb3 39. Nc1 Rc3 40. Ne2 Rb3 41. Nc1 {Precision: White = 46%, Black = 79%.} 1/2-1/2

[Event "EIWCC 2018"]
[Site "Vysoke Tatry"]
[Date "2018.04.08"]
[Round "1"]
[White "Sargsyan, Anna M"]
[Black "Socko, Monika"]
[Result "1-0"]
[WhiteElo "2276"]
[BlackElo "2471"]
[Annotator "TA"]
[PlyCount "85"]
[EventDate "2018.??.??"]
[EventType "swiss"]
[EventCountry "SVK"]
[SourceTitle "playchess.com"]
[Source "ChessBase"]
[SourceQuality "1"]

{[%evp 22,85,16,15,30,21,47,21,40,34,33,8,53,57,72,70,87,95,95,33,34,24,139,132,218,207,330,316,345,343,337,312,322,327,311,320,372,365,525,493,503,503,488,487,580,580,580,580,576,575,571,571,559,531,1181,1146,1133,1121,1059,1050,1654,1354,5261,5077,4594,2022]} 1. d4 Nf6 2. Nf3 g6 3. c4 Bg7 4. g3 O-O 5. Bg2 d6 6. Nc3 c6 7. O-O Qb6 8. h3 Qa6 9. b3 b5 10. Nd2 Bb7 {E62: King's Indian: Fianchetto: 6...c6 and Panno Variation (6...Nc6) without ...a6} 11. Bb2 Nbd7 12. Qc2 {LiveBook: 4 Games} Rfc8 {The position is equal.} 13. e4 (13. Rfd1) 13... bxc4 14. bxc4 $146 ({Predecessor:} 14. Nxc4 d5 15. Ne3 dxe4 16. Nxe4 Nxe4 17. Qxe4 e6 18. Nc4 {1-0 (61) Sinanan,J (2227)-Yanayt,E (2212) ICC INT 2012}) 14... e5 15. dxe5 dxe5 16. Rfd1 Rab8 17. Bf1 c5 18. Nd5 Bxd5 19. cxd5 c4 20. Bxc4 ({Much weaker is} 20. Nxc4 Rb4 $11) ({Better is} 20. Rdb1 $16) 20... Bh6 $14 {White must now prevent ...Bxd2.} 21. Qd3 $36 {[%mdl 2048] White is pushing.} Qa4 (21... Qb6 $11 {keeps the balance.} 22. Nb3 Qb4) 22. Bb3 $16 Qb4 {[#]} (22... Qb5 $16 {was worth a try.} 23. Nc4 Bg7) 23. Nc4 $1 $18 {[%cal Rc4e5]} Rxc4 (23... Nc5 {was called for.} 24. Qf3 Nfxe4) 24. Bxc4 Qxb2 25. Rab1 Qd4 26. Rxb8+ Nxb8 27. Qxd4 exd4 28. e5 {[%cal Be4e5,Be5e6][%mdl 32]} ({Resist} 28. Rxd4 $6 Bf8 $18) 28... Nfd7 29. e6 Nf6 (29... Kf8 $142 30. exd7 Nxd7) 30. Rb1 {White is clearly winning.} Nbd7 31. exd7 Nxd7 {[%mdl 4096] Endgame KRB-KBN} 32. Rb7 Ne5 33. d6 {[%cal Bd5d6,Bd6d7][%mdl 32] [#] f4 is the strong threat.} Nxc4 34. d7 Bg5 35. f4 Bf6 36. Rxa7 Nb6 37. Rb7 Nxd7 38. Rxd7 {KR-KB} Kf8 39. Kf2 Ke8 40. Rb7 h5 41. Ke2 g5 42. fxg5 Bxg5 43. a4 {Precision: White = 67%, Black = 32%.} 1-0

[Event "EIWCC 2018"]
[Site "Vysoke Tatry"]
[Date "2018.04.08"]
[Round "1"]
[White "Paramzina, Anastasya"]
[Black "Paehtz, Elisabeth"]
[Result "1/2-1/2"]
[WhiteElo "2271"]
[BlackElo "2468"]
[Annotator "TA"]
[PlyCount "95"]
[EventDate "2018.??.??"]
[EventType "swiss"]
[EventCountry "SVK"]
[SourceTitle "playchess.com"]
[Source "ChessBase"]
[SourceQuality "1"]

{[%evp 23,95,7,4,11,16,10,47,38,116,27,37,43,65,69,90,93,82,89,96,83,92,70,110,29,32,43,44,54,58,8,91,0,0,-22,-19,-8,-12,-18,-13,-9,8,7,8,-8,-8,-12,-8,-8,-8,-8,0,-8,-8,-8,-8,-8,-8,-10,-8,-9,-8,-9,-8,-37,0,-8,-8,-8,-8,-8,-8,0,0,0]} 1. e4 c5 2. Nf3 d6 3. d4 cxd4 4. Nxd4 Nf6 5. Nc3 a6 6. h3 e5 7. Nde2 b5 {[%cal Bb7b5,Bb5b4][%mdl 32]} 8. g4 {B90: Sicilian Najdorf: Unusual White 6th moves, 6 Be3 Ng4 and 6 Be3 e5} b4 9. Nd5 Nxd5 10. Qxd5 Ra7 11. Be3 Be6 12. Qd3 Rb7 {LiveBook: 10 Games} 13. Bg2 Be7 14. b3 g6 {[#]} 15. Qd2 $146 ({Find the theoretical novelty and annotate with similar games:} 15. a3 bxa3 16. Nc3 h5 17. gxh5 Rxh5 18. Nd5 Bg5 19. Rxa3 Kf8 20. Bxg5 {½-½ (20) Areshchenko,A (2667)-Donchenko,A (2569) Gjakova 2016}) 15... h5 {[#]} (15... Nc6 $14) 16. g5 (16. O-O-O $1 $16) 16... h4 17. O-O Qc8 18. Kh2 Nd7 19. c3 a5 20. Rac1 Qb8 21. f4 exf4 22. Nxf4 O-O 23. Nxe6 (23. Qe1 $16) 23... fxe6 $11 24. Rxf8+ Bxf8 25. cxb4 Rxb4 26. Qf2 Ne5 (26... a4 $11 {remains equal.}) 27. Qxh4 ({White should try} 27. Qf6 $16 Qe8 28. Rc7) 27... a4 28. Bd2 axb3 29. Bxb4 b2 30. Rb1 $1 {[%cal Rb1b2]} Qxb4 31. Qf2 Bg7 {[#] aiming for ...Nc4.} 32. Rxb2 Ng4+ 33. hxg4 Bxb2 34. Bf3 Bc1 35. Qc2 Bxg5 36. e5 Kg7 37. Qc7+ Kh6 {...Qf4+ is the strong threat.} 38. Qxd6 Qf4+ 39. Kg2 Bh4 {( -> ...Qg3+)} 40. g5+ Qxg5+ 41. Kf1 Qf4 42. Ke2 Qc4+ 43. Ke3 Kg5 44. Be4 {The position is equal.} Qc3+ 45. Bd3 Qc1+ 46. Kf3 $1 {Threatens to win with Qe7+.} Qh1+ 47. Ke3 Qc1+ 48. Kf3 $1 {Precision: White = 61%, Black = 40%.} 1/2-1/2

[Event "EIWCC 2018"]
[Site "Vysoke Tatry"]
[Date "2018.04.08"]
[Round "1"]
[White "Kantane, Anna"]
[Black "Javakhishvili, Lela"]
[Result "0-1"]
[WhiteElo "2266"]
[BlackElo "2467"]
[Annotator "TA"]
[PlyCount "84"]
[EventDate "2018.??.??"]
[EventType "swiss"]
[EventCountry "SVK"]
[SourceTitle "playchess.com"]
[Source "ChessBase"]
[SourceQuality "1"]

{[%evp 27,84,41,39,43,54,60,68,70,53,54,87,13,74,38,89,11,104,0,0,0,0,8,54,37,39,-67,32,-40,-39,-39,0,0,429,396,469,419,411,393,339,224,361,85,79,81,63,-153,404,-686,-522,-526,-524,-516,-256,-251,-241,-236,-238,-596,-585]} 1. e4 c5 2. Nf3 e6 3. d4 cxd4 4. Nxd4 a6 5. c4 Nf6 6. Nc3 Qc7 7. a3 b6 8. Be3 Bb7 9. f3 Be7 10. Be2 d6 11. O-O O-O {B41: Sicilian: Kan Variation: 5 c4} 12. Qd2 Nbd7 13. a4 Rab8 (13... Rfe8 14. Rfc1 Ne5 15. a5 bxa5 16. Nb3 Rab8 17. Nxa5 Ba8 18. Na4 Qd8 19. Bd4 {0-1 (37) Bruzon Batista,L (2659)-Svidler,P (2727) Berlin 2015}) 14. Rfc1 Rfc8 {LiveBook: 4 Games} 15. Nd1 Bd8 $146 ({Predecessor:} 15... Qd8 16. a5 d5 17. exd5 exd5 18. Nf5 dxc4 19. Bxc4 {½-½ (30) Rosner,J (2371)-Drabke,L (2469) Baden 2015}) 16. b4 Ne5 17. a5 bxa5 18. Rxa5 Qe7 19. Ra3 (19. Raa1 $16) 19... Nfd7 (19... a5 $11) 20. Nb2 g5 ({Black should play} 20... d5 $14) 21. Rd1 (21. Na4 $16) 21... Qf6 (21... a5 $11) 22. b5 (22. Nb3 $16) 22... Nc5 $11 23. bxa6 Bxa6 24. Nb5 $36 {[%mdl 2048] White has good play.} Rc6 25. Bd4 Qe7 26. f4 (26. Bxc5 $14 dxc5 27. f4) 26... Ng6 (26... Nxc4 $1 $15 27. Bxc4 Bxb5 28. Bxb5 Rxb5) 27. e5 ({Better is} 27. Bxc5 $14 dxc5 28. fxg5) 27... d5 $15 {...dxc4 is the strong threat.} 28. f5 $1 {[%cal Rf5g6]} Nf4 {[#] Strongly threatening ...Ne4.} 29. f6 Qd7 $2 {[%mdl 8192]} (29... Qf8 $11) 30. Bxc5 $18 Bxb5 31. Ba7 (31. cxb5 Rxc5 32. Nd3 Qc7 $14) 31... Rbc8 32. Be3 (32. cxb5 $2 Rc2 $17) 32... Ng6 33. Bxg5 (33. cxb5 Rc2 $18) (33. Ra7 Qe8 $16) 33... Qc7 {[#]} (33... Ba6 $142 34. Be3 (34. cxd5 Rc2 $15) 34... Qe8) 34. cxb5 $2 (34. Be3 $1 $18 {[%cal Re3d4] aiming for Bd4.} Ra6 35. Rxa6 Bxa6 36. Bd4 (36. cxd5 Bxe2 37. Qxe2 Qxe5 $11)) 34... Rc2 $16 35. Qe3 Rxb2 36. Qh3 $2 (36. Rc1 $1 $14 Rc2 37. Rxc2 Qxc2 38. Ra6) 36... Rxe2 $2 (36... Qxe5 $17 {stays on course.} 37. Qh6 Bxf6 38. Bxf6 Qxf6) 37. Kf1 $4 {[%mdl 8192]} (37. Qh6 $18 Qc5+ 38. Re3 Rxg2+ 39. Kxg2) 37... Rxe5 {[%cal Be2e5,Be5f5,Bf5f6][%mdl 32]} 38. Qh6 {[%csl Gf6][%cal Rh6g7]} Rf5+ 39. Rf3 {[%csl Gf6][%cal Rh6g7]} Qc4+ (39... Rxf3+ $142 40. gxf3 Qc4+ 41. Kg1 Qc5+ 42. Be3 Qf8 43. Qxf8+ Nxf8) 40. Kg1 $19 {[%csl Gf6][%cal Rh6g7]} Qc5+ 41. Be3 {[%csl Gf6][%cal Rh6g7]} Qf8 42. Qh3 $2 (42. Rxf5 {is tougher.} Qxh6 43. Bxh6 exf5 44. Rxd5) 42... Rxf6 {Precision: White = 20%, Black = 29%.} 0-1

[Event "EIWCC 2018"]
[Site "Vysoke Tatry"]
[Date "2018.04.08"]
[Round "1"]
[White "Velikic, Adela"]
[Black "Atalik, Ekaterina"]
[Result "1-0"]
[WhiteElo "2241"]
[BlackElo "2452"]
[Annotator "TA"]
[PlyCount "77"]
[EventDate "2018.??.??"]
[EventType "swiss"]
[EventCountry "SVK"]
[SourceTitle "playchess.com"]
[Source "ChessBase"]
[SourceQuality "1"]

{[%evp 20,77,53,63,61,51,56,42,65,62,64,70,69,84,72,39,48,23,55,0,17,7,37,30,32,7,15,9,18,10,22,0,22,8,28,8,21,21,21,21,129,128,294,291,285,258,254,262,317,296,424,421,504,481,997,981,1702,1645,29982,8752]} 1. e4 c5 2. Nf3 {[%cal Bg1f3,Bf3d4,Bd4b5,Bb5a3,Ba3c4,Bc4e3][%mdl 32]} Nc6 3. d4 cxd4 4. Nxd4 e5 5. Nb5 d6 6. N1c3 a6 7. Na3 Be7 8. Nc4 Nf6 9. Bg5 O-O 10. Bxf6 Bxf6 {B33: Sicilian: Pelikan and Sveshnikov Variations} 11. Qxd6 {LiveBook: 16 Games} Be6 12. Qxd8 (12. Nd5 Bg5 13. Qxd8 Raxd8 14. Ncb6 Rd6 15. Nc4 Rdd8 16. Ncb6 Rd6 17. c3 g6 18. Rd1 Kg7 19. Bc4 Bd8 20. Bb3 f5 21. Nc4 Rd7 22. Ncb6 Rd6 23. Nc4 Rd7 24. Ncb6 Rd6 {½-½ (24) Balogh,C (2608)-Radjabov,T (2748) Bastia 2010}) 12... Raxd8 {White is slightly better.} 13. Ne3 Bg5 14. a3 $146 ({Predecessor:} 14. Ned5 b5 15. a3 Rb8 16. b3 Rfc8 17. h4 Bd8 18. Bd3 {½-½ (73) Bressac,S (2231)-Antoli Royo,J (2409) Vecindario 2013}) 14... g6 15. h4 Bh6 16. Bd3 f5 17. h5 {Threatens to win with hxg6.} Kg7 18. hxg6 hxg6 19. Rd1 ({White should play} 19. Na4 $14) 19... Nd4 20. Ne2 b5 21. exf5 gxf5 22. c3 Nc6 23. Ng3 Ne7 24. Nh5+ Kg8 25. Be2 Rxd1+ 26. Bxd1 Bg5 27. g3 Bxe3 28. fxe3 {[%cal Bf2e3,Be3e4,Be4f5][%mdl 32]} Nd5 29. Bb3 Kf7 {[#]} (29... Nc7 $11 {keeps the balance.} 30. Bxe6+ Nxe6) 30. e4 $1 $16 {[%cal Re4d5][%mdl 512]} Nc7 $2 (30... fxe4 $16 31. Rf1+ Ke7) 31. Bxe6+ $18 Nxe6 32. exf5 {[%mdl 4096] Endgame KRN-KRN} Nc5 33. g4 Ne4 34. Ke2 Rd8 (34... Rg8 $142 35. Rg1 Ke7) 35. Ke3 Ng5 36. Ng3 e4 (36... Kg7 $142 37. Rh5 Nf7) 37. Kf4 Rd3 38. Nxe4 Nh3+ 39. Rxh3 {Precision: White = 65%, Black = 34%.} 1-0

[Event "EIWCC 2018"]
[Site "Vysoke Tatry"]
[Date "2018.04.08"]
[Round "1"]
[White "Novosadova, Kristyna"]
[Black "Zawadzka, Jolanta"]
[Result "1/2-1/2"]
[WhiteElo "2240"]
[BlackElo "2442"]
[Annotator "TA"]
[PlyCount "193"]
[EventDate "2018.??.??"]
[EventType "swiss"]
[EventCountry "SVK"]
[SourceTitle "playchess.com"]
[Source "ChessBase"]
[SourceQuality "1"]

{[%evp 18,193,31,12,29,0,0,-24,13,0,0,0,0,0,0,0,11,11,3,0,0,0,5,7,15,12,8,8,22,28,38,6,6,11,8,0,29,25,26,22,24,17,21,19,20,0,14,1,8,8,8,10,8,0,0,0,0,0,49,0,0,0,0,-7,0,0,0,-9,0,0,0,-9,-9,-97,-97,-97,-97,-97,-97,-97,-97,-220,-220,-220,-219,-219,-219,-219,-219,-213,-213,-212,-212,-212,-212,-206,-205,-205,-205,-201,-165,-165,-172,-180,-179,-187,-179,-172,-172,-172,-153,-196,-196,-197,-197,-197,-197,-197,-197,-197,-197,-197,-197,-197,0,0,0,0,0,0,0,0,0,0,0,0,0,0,0,0,0,0,0,0,0,0,0,0,0,0,0,0,0,0,0,0,0,0,0,0,0,0,0,0,0,0,0,0,0,0,0,0,0,0,0,0,0,0]} 1. e4 e5 2. Nf3 Nc6 3. Bb5 Bc5 4. O-O Nd4 5. Nxd4 Bxd4 6. c3 Bb6 7. Bc4 d6 8. d4 c6 9. dxe5 dxe5 10. Qe2 {LiveBook: 3 Games. C64: Ruy Lopez: Classical Defence (3...Bc5) except 4 0-0 Nf6} (10. Qh5 Qe7 11. Bg5 Nf6 12. Qf3 h6 13. Bxf6 Qxf6 14. Qxf6 gxf6 15. a4 Rg8 16. a5 Bc7 17. Re1 Bh3 {½-½ (39) Quparadze,G (2481)-Vallejo Pons,F (2711) Doha 2016}) 10... Qh4 11. Be3 Nf6 12. g3 $146 ({Predecessor:} 12. Bxb6 axb6 13. Nd2 O-O 14. Rad1 b5 15. Bb3 Re8 16. f3 Nh5 17. Qe3 Qf4 {½-½ (25) Chandler,M (2500)-Wedberg,T (2500) Dortmund 1983}) 12... Qh3 13. Bxb6 axb6 14. Na3 O-O 15. Rfd1 b5 16. Bb3 Be6 17. c4 bxc4 18. Nxc4 Bxc4 19. Bxc4 Rfd8 20. f3 g6 21. Qe3 Kg7 22. Qc3 Rxd1+ 23. Rxd1 Re8 $1 24. Qb4 Qc8 25. Qd6 h5 26. b4 Qb8 (26... h4 {looks sharper.} 27. Kg2 b5 28. Bb3 hxg3 29. hxg3 Rh8) 27. Qxb8 Rxb8 $11 {[%mdl 4096] Endgame KRB-KRN} 28. Kf2 Ra8 29. Bb3 Kf8 30. Ke3 Ke7 31. h3 Ne8 32. b5 Nd6 33. bxc6 bxc6 34. Rc1 Ra6 35. Rc5 f6 36. f4 Nb7 37. Rc4 Kd6 38. Rb4 Nc5 39. Rb8 Ra3 40. fxe5+ fxe5 41. h4 Kc7 42. Rb4 (42. Rg8 {with more complications.} Nxb3 43. axb3 Rxb3+ 44. Kf2 Rb2+ 45. Kf3) 42... Nxb3 43. axb3 {KR-KR} Ra1 44. Rc4 Rb1 45. b4 (45. Rc3 $11) 45... Rb3+ $1 $17 46. Kf2 Kd6 47. Kg2 Re3 $1 48. Kf2 Rd3 $1 49. Kg2 (49. Rc2 $17) 49... Rd4 $19 50. Rxd4+ exd4 {KP-KP} 51. Kf2 {intending Ke2.} Ke5 52. Kf3 {[#]} d3 $1 53. Ke3 {[#]} d2 $1 {[%cal Rd2d1][%mdl 512]} 54. Kxd2 Kxe4 {K3P-K3P} 55. Kc3 {Threatens to win with Kc4.} Kf3 56. Kc4 Kxg3 57. Kc5 Kxh4 58. Kxc6 {b5 is the strong threat. KPP-KP} g5 59. b5 g4 60. b6 {And now b7 would win.} g3 61. b7 g2 62. b8=Q {Intending Qh2+ and mate.} g1=Q {KQ-KQ} 63. Qf4+ Qg4 64. Qh2+ Kg5 65. Qe5+ Qf5 66. Qg3+ {[#]} Kh6 $1 67. Qh4 Qg6+ 68. Kc7 Qg5 69. Qh3 Qe7+ 70. Kc6 h4 $2 (70... Qe4+ $19 71. Kd6 h4) 71. Kd5 $1 $11 {The position is equal.} Qe1 {Strongly threatening ...Qg3.} 72. Kd4 Qb4+ 73. Ke5 $1 Qb8+ (73... Qb1 {is more complex.} 74. Qxh4+ Kg6 75. Qg4+ Kh7 76. Qh5+ Kg7) 74. Ke4 Qb7+ 75. Kf4 Qf7+ 76. Kg4 Qh5+ 77. Kf4 Qg5+ 78. Ke4 Qf6 79. Qe3+ Kg6 80. Qg1+ Kh6 81. Qg4 Qc6+ 82. Kf4 Qd6+ 83. Kf3 Qd1+ 84. Kf4 Qf1+ 85. Qf3 Qc4+ 86. Kf5 Qc5+ 87. Kg4 Qh5+ 88. Kf4 Qg5+ 89. Ke4 Kg6 90. Qf4 Qg2+ 91. Ke3 h3 {White must now prevent ...h2.} 92. Qd6+ Kh5 (92... Kf5 {is interesting.} 93. Qc5+ Kg4 94. Qc8+ Kg5 95. Qg8+ Kf6) 93. Qe5+ Qg5+ 94. Qxg5+ Kxg5 95. Kf2 {[%cal Be3f2,Bf2g1,Bg1h1][%mdl 32]} Kf4 (95... h2 $5 96. Kg2 $8 Kh6 $11) 96. Kg1 Kg3 97. Kh1 {Precision: White = 62%, Black = 64%.} 1/2-1/2

[Event "EIWCC 2018"]
[Site "Vysoke Tatry"]
[Date "2018.04.08"]
[Round "1"]
[White "Solozhenkina, Elizaveta"]
[Black "Tsolakidou, Stavroula"]
[Result "1/2-1/2"]
[WhiteElo "2236"]
[BlackElo "2430"]
[Annotator "TA"]
[PlyCount "90"]
[EventDate "2018.??.??"]
[EventType "swiss"]
[EventCountry "SVK"]
[SourceTitle "playchess.com"]
[Source "ChessBase"]
[SourceQuality "1"]

{[%evp 20,90,28,15,25,0,39,0,9,0,23,21,22,25,21,18,83,88,91,11,7,18,15,-12,-9,-27,105,32,35,68,66,-18,0,-46,0,0,56,13,49,20,44,0,0,-16,18,0,65,62,62,40,297,61,73,39,39,0,62,53,56,0,17,-173,-191,-162,-177,-153,0,-79,0,-151,0,-91,0]} 1. e4 c5 2. Nf3 e6 3. Nc3 Nc6 4. d4 cxd4 5. Nxd4 Qc7 6. Be3 a6 7. Qf3 {B48: Sicilian: Taimanov: 5 Nc3 Qc7 6 Be3 a6 without Be2} (7. Qd2 Nf6 8. f4 Bb4 9. Bd3 Na5 10. a3 Bxc3 11. Qxc3 Qxc3+ 12. bxc3 d5 13. exd5 exd5 14. Nb3 Nc4 15. Bd4 Ne4 {1-0 (57) Carlsen,M (2834)-Matlakov,M (2718) Wijk aan Zee 2018}) 7... d6 8. O-O-O Bd7 9. Qg3 Nf6 10. f4 Rc8 11. Bd3 {LiveBook: 3 Games} b5 12. Kb1 g6 13. Nxc6 Bxc6 14. Bd4 Be7 $146 ({Predecessor:} 14... Bg7) 15. e5 dxe5 $1 16. fxe5 Nd7 17. h4 Qb7 (17... b4 $11 18. Ne4 Bxe4 19. Bxe4 f5) 18. h5 $16 {[%cal Rh5g6]} g5 19. h6 (19. Rhe1 $16) 19... b4 $1 $11 {[%cal Rb4c3]} 20. Ne2 Bxg2 21. Bxa6 Qxa6 22. Qxg2 Nb8 (22... Qc6 $11 23. Qxc6 Rxc6) 23. Qf2 (23. Ng3 $1 $16) 23... Nc6 $1 $14 24. Rhf1 O-O 25. Nc1 (25. Bc5 $1 $14 f5 26. exf6 Rxf6 27. Qg2) 25... Qb5 $11 26. Qe3 Kh8 27. Nb3 {Hoping for Bc5.} Na5 (27... Nxd4 $11 28. Qxd4 Qe2) 28. Rf2 Nxb3 29. Qxb3 Rcd8 30. Rfd2 (30. Qe3 $14) 30... Qc6 31. Qe3 Rd7 32. Rd3 Ra8 ({Black should try} 32... Rg8 $11) 33. Qf2 $14 Rf8 34. Re1 Qc4 $2 {[%mdl 8192]} (34... g4 $14) 35. Rg1 $2 (35. Bc5 $1 $18 {[%cal Rc5e7] aiming for Bxe7.} f5 36. Rxd7 Qxc5 37. Qf3) 35... Rd5 {[%cal Bd7d5,Bd5a5,Ba5a2][%mdl 32]} 36. Qe3 (36. b3 $5 {[%cal Rb3c4]} Qb5 37. Qf3 $11) 36... Rc8 37. Qf2 Rf8 $1 38. Rf1 Qa6 39. Rg1 (39. Rf3 $14 Kg8 40. b3) 39... Ra5 40. Rf3 $2 (40. a3 $1 $11 {and White stays safe.}) 40... Rxa2 $19 {[%csl Ga6][%cal Ra2a1]} 41. b3 Ra8 $36 {[%mdl 2048] ( -> ...Ra1+!). Black is on the roll.} 42. Kc1 Rd8 $2 (42... Ra1+ $17 43. Kd2 Rxg1 44. Qxg1 Qc6 45. Rxf7 Rc8) 43. Kb1 {[#]} (43. Rxf7 $11 {remains equal.} Ra1+ 44. Kd2 Rxg1 45. Qxg1) 43... Ra8 (43... Bc5 $142 $1 {[%cal Rc5d4][%mdl 512]} 44. Rxf7 (44. Bxc5 Ra1+) 44... Ra1+ 45. Bxa1 Bxf2 46. Rxf2 Qc6) 44. Kc1 $17 {[#]} Rd8 $2 (44... Ra1+ $1 $17 {[%mdl 512]} 45. Kd2 (45. Bxa1 Qxa1+) 45... Rxg1 46. Qxg1 Qc6 47. Rxf7 Rc8) 45. Kb1 {[#]} (45. Rxf7 $11 {keeps the balance.} Ra1+ 46. Kd2 Rxg1 47. Qxg1) 45... Ra8 {Precision: White = 30%, Black = 37%.} (45... Bc5 $1 $17 {[%cal Rc5d4]} 46. Rxf7 Ra1+ 47. Bxa1 Bxf2 48. Rxf2 Ra8) 1/2-1/2